000 01459nam a22002297a 4500
999 _c62180
_d62180
003 Ge_BSU
005 20240729150654.0
008 240729s2021 ge ||||| |||| 00| 0 geo d
020 _a9789941506383
041 _ageo
080 _a343/77 ს-32
245 _aსაქართველოს სისხლის სამართლის კოდექსი.
_bზოგადი ნაწილი. ტ. 1 (1-ლი 38-ე მუხლები) /
_c კომენტარის ავტორები: ლალი ფაფიაშვილი, ლევან ხარანაული, თემურ ცქიტიშვილი და სხვა. სამეც. რედ.-ბი : ნონა თოდუა, მაია ივანიძე, მერაბ ტურავა.
264 _aთბილისი:
_b ,,კალმოსანი'',
_c2021.
300 _a314 გვ. ;
_b29 სმ.
546 _aგარეკანზე ინგლისურ და ქართულ ენაზე სათაური
653 _a სისხლის სამართალი.
653 _aსამართალი
700 _aფაფიაშვილი, ლალი
_eდა სხვ.
_94554
700 _aთოდუა, ნონა
_eსამეცნიერო რედაქტორი და სხვ.
_95363
773 _tნაჩუქარი
942 _2udc
_cBK